[Event "British Chess Championships 2023: British Championship"]
[Site "The Venue, De Montfort University, 20 Western Boulevard, Leicester, LE2 7BU"]
[Date "2023.07.30"]
[Round "9"]
[Board "29"]
[White "Cox, Toby"]
[Black "Ogunshola, Olugbemiga (Ben)"]
[Result "0-1"]
[WhiteElo "1967"]
[BlackElo "2116"]
[PlyCount "0"]
[EventDate "2023.07.22"]
[EventRounds "9"]
[EventCountry "ENG"]

1. e4 e5 2. f4 Bc5 3. Nf3 d6 4. c3 Qe7 5. Qe2 Bg4 6. d3 Nf6 7. fxe5 dxe5 8. Be3 Nbd7
9. Nbd2 O-O 10. h3 Bxf3 11. Qxf3 Rad8 12. Be2 Bxe3 13. Qxe3 Qc5 14. Qf2 Rfe8 15.
Nb3 Qb6 16. O-O Re6 17. Rfd1 a5 18. Qxb6 Rxb6 19. Rdb1 a4 20. Nc1 Rc6 21. c4 Nc5
22. b4 Ne6 23. b5 Rcd6 24. Kf2 Nd7 25. Bg4 Nf4 26. Bxd7 R8xd7 27. Rb4 Rxd3 28. Rxa4
Rd2+ 29. Kf3 h5 30. Ra8+ Kh7 31. a4 Rc2 32. a5 Rdd2 33. Ra3 Rf2+ 34. Ke3 Nxg2+ 35.
Kd3 Rfd2#  0-1